Las guerras de Bolívar. Primera guerra: 1812-1814. Formación del alma venezolana {marca de la tipografía}
Shranjeno v:
| Glavni avtor: | |
|---|---|
| Format: | Knjiga |
| Jezik: | španščina |
| Izdano: |
Caracas
Victoria. Manrique & Ramírez Angel
1921
|
| Izdaja: | 1a. ed |
| Teme: | |
| Oznake: |
Označite
Brez oznak, prvi označite!
|
MARC
| LEADER | 00000nam a2200000 a 4500 | ||
|---|---|---|---|
| 001 | UCJ6804 | ||
| 003 | CL-VaPUC | ||
| 008 | 070124e19210927VE |||||||||||||||||spa|d | ||
| 082 | 0 | 4 | |a 987 |b RIV |2 21 |
| 100 | 0 | |a Rivas Vicuña, Francisco |e author |9 514193 | |
| 245 | 1 | 4 | |a Las guerras de Bolívar. Primera guerra: 1812-1814. Formación del alma venezolana {marca de la tipografía} |
| 250 | |a 1a. ed | ||
| 300 | |a xviii, 389 p | ||
| 942 | |c BK | ||
| 945 | |d 20070124 00:00:00 |a rinostro | ||
| 260 | |a Caracas |b Victoria. Manrique & Ramírez Angel |c 1921 | ||
| 500 | |a Mapas sin indizar.- dedicatoria autógrafa del autor | ||
| 600 | 0 | |a Bolívar, Simón |d 1783-1830 |9 265422 | |
| 600 | 0 | |a Miranda, Francisco de, |d 1750-1816 |9 331375 | |
| 650 | 0 | |a Guerra de la independencia |9 331979 | |
| 650 | 7 | |a MONTONERAS |2 CL-VaPUC |9 504218 | |
| 650 | 7 | |a LLANEROS |2 CL-VaPUC |9 514194 | |
| 650 | 7 | |a MARCA TIPOGRAFICA |2 CL-VaPUC |9 506100 | |
| 650 | 7 | |a DEDICATORIA AUTOGRAFA |2 CL-VaPUC |9 504503 | |
| 650 | 0 | |a Mapas |9 260844 | |
| 651 | 0 | |a Colombia |9 256424 | |
| 651 | 0 | |a Venezuela |9 254993 | |
| 583 | |a last modification |c 20070124 00:00:00 |k Rodrigo Vera | ||
| 999 | |c 322906 |d 322904 | ||
| 952 | |0 0 |1 0 |4 0 |6 987_000000000000000_RIV_1921 |7 0 |8 X |9 402067 |a FDOBUD |b FDOBUD |d 2019-11-22 |i 1053299 |o 987 RIV 1921 |p 1053299 |r 2019-11-22 |w 2019-11-22 |y BK_X |k BUD | ||